<?xml version="1.0" encoding="UTF-8"?><?xml-stylesheet type="text/xsl" href="static/style.xsl"?><OAI-PMH xmlns="http://www.openarchives.org/OAI/2.0/" xmlns:xsi="http://www.w3.org/2001/XMLSchema-instance" xsi:schemaLocation="http://www.openarchives.org/OAI/2.0/ http://www.openarchives.org/OAI/2.0/OAI-PMH.xsd"><responseDate>2026-06-02T00:40:25Z</responseDate><request verb="GetRecord" identifier="oai:riuma.uma.es:10630/31738" metadataPrefix="marc">https://riuma.uma.es/rest/oai/request</request><GetRecord><record><header><identifier>oai:riuma.uma.es:10630/31738</identifier><datestamp>2026-02-03T10:25:25Z</datestamp><setSpec>com_10630_1685</setSpec><setSpec>col_10630_38055</setSpec></header><metadata><record xmlns="http://www.loc.gov/MARC21/slim" xmlns:dcterms="http://purl.org/dc/terms/" xmlns:doc="http://www.lyncode.com/xoai" xmlns:xsi="http://www.w3.org/2001/XMLSchema-instance" xsi:schemaLocation="http://www.loc.gov/MARC21/slim http://www.loc.gov/standards/marcxml/schema/MARC21slim.xsd">
   <leader>00925njm 22002777a 4500</leader>
   <datafield ind2=" " ind1=" " tag="042">
      <subfield code="a">dc</subfield>
   </datafield>
   <datafield ind2=" " ind1=" " tag="720">
      <subfield code="a">Delfa-Herrera, Nerea</subfield>
      <subfield code="e">author</subfield>
   </datafield>
   <datafield ind2=" " ind1=" " tag="260">
      <subfield code="c">2023</subfield>
   </datafield>
   <datafield ind2=" " ind1=" " tag="520">
      <subfield code="a">Este proyecto consiste en el diseño y desarrollo de producto de una mesa multifuncional para juegos. &#xd;
Consta de una memoria descriptiva del producto y los diferentes pasos que se han ido danto hasta llegar al producto final. Además, incluye diferentes anexos que justifican y respaldan lo expuesto en la memoria. También contiene planos, un pliego de condiciones tanto generales como particulares y un presupuesto basado en una previa medición. &#xd;
El producto consiste en una mesa cuyo tablero superior está formado de 4 tablones independientes que se pueden extraer descubriendo, de esta manera, una zona ideada para juegos de mesa. Esto sumado a cajones y mesas auxiliares individuales que contienen accesorios para los juegos. &#xd;
Su característica a destacar es que, si en algún momento se tiene que parar la partida para realizar otra actividad, se puede cubrir la zona de juego sin tener que desmontar el tablero y poder usar el producto como una mesa de comedor.</subfield>
   </datafield>
   <datafield ind1="8" ind2=" " tag="024">
      <subfield code="a">https://hdl.handle.net/10630/31738</subfield>
   </datafield>
   <datafield tag="653" ind2=" " ind1=" ">
      <subfield code="a">Muebles - Diseño y construcción - Trabajos fin de grado</subfield>
   </datafield>
   <datafield ind2="0" ind1="0" tag="245">
      <subfield code="a">Diseño de una mesa multifuncional para juegos.</subfield>
   </datafield>
</record>
</metadata></record></GetRecord></OAI-PMH>